000 00485nam a22001817a 4500
003 OSt
005 20140310182148.0
008 130830t xxu||||| |||| 00| 0 eng d
020 _a9780697288079
050 _aML 3506
_b.T36 1997
082 _aHS 781.65
_bT11 1997
100 _aTanner, Paul O. W.
_915642
245 _aJazz
_cTanner, Paul O. W.
260 _aMadison, WI :
_bBrown & Benchmark,
_cc1997
300 _axii, 228 p. :
_b ill. ;
_c28 cm.
541 _g8046
942 _2lcc
999 _c9969
_d9969